बहर (Record no. 1241632)

MARC details
000 -LEADER
fixed length control field 00605nam a2200193Ia 4500
008 - FIXED-LENGTH DATA ELEMENTS--GENERAL INFORMATION
fixed length control field 151121s9999||||xx |||||||||||||| ||und||
082 ## - DEWEY DECIMAL CLASSIFICATION NUMBER
Classification number 813-/औरंगा
082 ## - DEWEY DECIMAL CLASSIFICATION NUMBER
Item number HNW-60082
100 ## - MAIN ENTRY--PERSONAL NAME
Personal name औरंगाबादकर अनुराधा
245 ## - TITLE STATEMENT
Title बहर
260 ## - PUBLICATION, DISTRIBUTION, ETC. (IMPRINT)
Name of publisher, distributor, etc "गवळी प्रकाशन, कोल्हापूर।"
260 ## - PUBLICATION, DISTRIBUTION, ETC. (IMPRINT)
Date of publication, distribution, etc --
300 ## - PHYSICAL DESCRIPTION
Extent 115
600 ## - SUBJECT ADDED ENTRY--PERSONAL NAME
Personal name औरंगाबादकर अनुराधा
630 ## - SUBJECT ADDED ENTRY--UNIFORM TITLE
Uniform title बहर
700 ## - ADDED ENTRY--PERSONAL NAME
Personal name औरंगाबादकर अनुराधा
730 ## - ADDED ENTRY--UNIFORM TITLE
Uniform title बहर
942 ## - ADDED ENTRY ELEMENTS (KOHA)
Koha item type Book
Holdings
Withdrawn status Lost status Damaged status Not for loan Home library Current library Date acquired Cost, normal purchase price Total Checkouts Full call number Barcode Date last seen Cost, replacement price Price effective from Koha item type
        Hirachand Nemchand Wachanalaya, Solapur Hirachand Nemchand Wachanalaya, Solapur 11/21/2015 25.00   HNW-60082 HNW-60082 11/21/2015 25.00 11/21/2015 Book